02324cam a2200301 a 4500003000400000005001700004008004100021020001800062040002200080041000800102082002200110100004200132245010900174260005100283300007100334490003100405504004000436505031200476520076800788650004001556650004401596650004101640700004001681942001201721999001701733952014201750952013001892OSt20210723143548.0120517s2012 ck ad r 000 0 spa d a9789586957496 aCO-BoPUJcCO-JMCR0 aspa04a338.542bU81a2231 aUrrutia Montoya, Migueleautor93807114aLos actores en la crisis económica de fin de siglo / cMiguel Urrutia Montoya y Jorge Norberto Llano.  aBogotá : bUniversidad de los Andes, c2012. a184 páginas : bilustraciones, diagramas y gráficos ; c24 cm.0 aColección CEDE 50 años aBibliografía : páginas 175-184.0 aLa crisis internacional y cambiaria de fin de siglo en Colombia. -- Crisis hipotecaria y financiera. -- El gobierno y la crisis fiscal. -- El congreso y la crisis económico. -- La crisis del sistema UPAC como crisis social y su dimensión jurídica. -- La consolidaión del banco central independiente.0 aLos costos económicos y sociales de la crisis económica y financiera de fin del siglo xx en Colombia fueron muy altos. El libro analiza las causas de la crisis y las políticas económica y financiera que se implementaron y el papel y las posiciones de los diferentes actores responsables de la toma de decisiones y de los representantes de los grupos afectados. El texto identifica aciertos y errores de las políticas, y hace algunas sugerencias sobre cómo evitar la vulnerabilidad de la economía colombiana a este tipo de sucesos, que tienen alta probabilidad de volver a ocurrir. También se hacen comparaciones de lo que pasó en Colombia en 1998-1999 con la reciente crisis hipotecaria de Estados Unidos y la crisis de la deuda europea de 2011.14aCrisis económicazColombia93867824aPolítica económicazColombia93867924aPolítica monetariazColombia969261 aLlano, Jorge Norbertoeautor938680 2ddccBK c12002d12002 00102ddc4070aCPLbCPLcGENd2018-04-15eDonaciónl1o338.542 U81ap430002273r2024-05-16 00:00:00s2023-10-17tEj.1w2021-03-10yBK 00102ddc4070aCPLbCPLcGENd2018-04-15eDonaciónl0o338.542 U81ap430002272r2024-05-16 00:00:00tEj.2w2021-03-10yBK